[Event "VII Pablo Gorbea"]
[Site "Madrid ESP"]
[Date "2003.09.03"]
[Round "3"]
[White "Lopez de Turiso,J"]
[Black "Morales,Jo"]
[Result "1/2-1/2"]
[WhiteElo "2142"]
[BlackElo "2329"]

1.Nf3 Nf6 2.c4 g6 3.Nc3 Bg7 4.d4 O-O 5.e4 d6 6.Be2 e5 7.dxe5 dxe5 8.Qxd8 Rxd8
9.Bg5 Nbd7 10.O-O-O Rf8 11.Nd2 c6 12.f3 Re8 13.Nb3 Bf8 14.Rd2 Be7 15.Be3 Nf8
16.Rhd1 Ne6 17.g3 b6 18.a3 h5 19.f4 Ng4 20.Bxg4 hxg4 21.Ne2 Ba6 22.Rc2 Rad8
23.Rxd8 Rxd8 24.Rc3 Kg7 25.Kc2 c5 26.fxe5 Bb7 27.Nd2 Rh8 28.Bg1 Bg5 29.Rd3 Bxd2
30.Kxd2 Bxe4 31.Rd7 Rd8 32.Rxd8 Nxd8 33.Nc3 Bg2 34.Nb5 Nc6 35.Kc3 Bf1 36.b4 cxb4+
37.axb4 Kf8 38.Bd4 Ke7 39.Nc7 Kd7 40.Nb5 Ke6 41.Nc7+ Kd7 42.Nb5 Ke6 43.Nc7+ Kf5
44.b5 Nxe5 45.c5 Nf3 46.cxb6 axb6 47.Bxb6 Ke5 48.Bc5 Bxb5 49.Nxb5 Nxh2 50.Kd3 f5
51.Bd4+ Ke6 52.Nc7+ Kf7 53.Ke3  1/2-1/2

[Event "Polish Extraleague"]
[Site "Lubniewice POL"]
[Date "2003.09.04"]
[Round "6"]
[White "Worek,J"]
[Black "Socko,M"]
[Result "1/2-1/2"]
[WhiteElo "2241"]
[BlackElo "2390"]

1.d4 Nf6 2.c4 g6 3.Nc3 Bg7 4.e4 d6 5.Nf3 O-O 6.Be2 e5 7.Be3 Ng4 8.Bg5 f6
9.Bh4 g5 10.Bg3 Nh6 11.h3 Nc6 12.d5 Ne7 13.Nd2 Ng6 14.f3 f5 15.Bf2 fxe4 16.Ndxe4 Nf4
17.Bf1 Nf5 18.g3 Ng6 19.Bg2 h5 20.Ne2 c5 21.O-O h4 22.g4 Nd4 23.Be3 Nf4 24.Bxf4 exf4
25.N2c3 a6 26.a4 Rb8 27.Qd3 Qe7 28.Rfe1 Be5 29.Kh2 Bd7 30.Ne2 Nxe2 31.Rxe2 Qg7
32.Rae1 Rfe8 33.b3 b6 34.Ra2 Re7 35.Qd1 Be8 36.Bf1 Bf7 37.Bd3 Kf8 38.Rae2 Rc7
39.Ra2 Rd7 40.Rae2 Bd4 41.Ra2 Rdd8 42.Qd2 Be8 43.Qe2 Be3 44.Qf1 Bf7 45.Qe2 Rb7
46.Qd1 Re7 47.Qa1 Bd4 48.Qd1 Be3 49.Qa1 Bd4 50.Qd1 Be3 51.Qa1  1/2-1/2

[Event "56th ch-RUS"]
[Site "Krasnoyarsk RUS"]
[Date "2003.09.05"]
[Round "3"]
[White "Alekseev,E"]
[Black "Vorobiov,E"]
[Result "1/2-1/2"]
[WhiteElo "2613"]
[BlackElo "2547"]

1.c4 g6 2.e4 Bg7 3.d4 d6 4.Nc3 Nf6 5.Nf3 O-O 6.Be2 e5 7.O-O Na6 8.Re1 c6
9.Bf1 exd4 10.Nxd4 Ng4 11.h3 Qb6 12.hxg4 Qxd4 13.g5 Nc5 14.Qc2 f5 15.Be3 Qe5
16.exf5 Bxf5 17.Qd2 Ne4 18.Nxe4 Bxe4 19.Bd3 d5 20.Bxe4 dxe4 21.Rad1 Qxb2
22.Qxb2 Bxb2 23.Rb1 Bc3 24.Rec1 Be5 25.Rxb7 Rf7 26.Rcb1 Rxb7 27.Rxb7 Rb8
28.Rxb8+ Bxb8 29.Kf1 Kf7 30.Ke2 Ke6 31.Kd2 a6 32.Kc3 Bd6 33.Kd4 Kf5 34.g4+ Kxg4
35.Kxe4 Bc7 36.f3+ Kh4 37.c5 Bb8 38.a3 Bc7 39.a4 Kh5 40.Bd2 Kh4 41.Be3  1/2-1/2

[Event "Polish Extraleague"]
[Site "Lubniewice POL"]
[Date "2003.09.05"]
[Round "7"]
[White "Jakubiec,A"]
[Black "Acs,P"]
[Result "1-0"]
[WhiteElo "2537"]
[BlackElo "2606"]

1.c4 Nf6 2.Nc3 g6 3.e4 d6 4.d4 Bg7 5.Nf3 O-O 6.Be2 e5 7.Be3 Ng4 8.Bg5 f6
9.Bh4 g5 10.Bg3 Nh6 11.h3 Nc6 12.d5 Nd4 13.Nxd4 exd4 14.Qxd4 f5 15.Qd2 Bxc3
16.Qxc3 fxe4 17.h4 Nf5 18.hxg5 Qxg5 19.Rh5 Qf6 20.Qxf6 Rxf6 21.Rg5+ Kf8 22.Rd1 h6
23.Rg4 Ne3 24.Rxe4 Nxd1 25.Kxd1 Bf5 26.Re3 Bg6 27.c5 Re8 28.cxd6 Rxe3 29.fxe3 cxd6
30.Bf3 Bb1 31.a3 Rg6 32.Bf4 Ke7 33.Kd2 Bf5 34.g3 Rg8 35.e4 Bg4 36.Bg2 h5
37.Bf1 a6 38.Bd3 Kd7 39.Ke3 Rh8 40.a4 Rc8 41.Kd4 Bd1 42.a5 Rf8 43.e5 dxe5+
44.Bxe5 Bg4 45.b4 Rf2 46.b5 Rd2 47.Kc3 Rd1 48.bxa6 bxa6 49.Bf4 Ra1 50.Kb4 Rd1
51.Bxa6 Bf3 52.Bb5+ Kc8 53.d6 Rd4+ 54.Kc5 Rd1 55.a6 Rd5+ 56.Kb6 Rd1 57.a7 Rd4
58.Be2 Bg2 59.Bxh5 Be4 60.Kc5 Ra4 61.Bg4+ Kb7 62.d7 Ra5+ 63.Kd6 Rd5+ 64.Ke7  1-0

[Event "Polish Extraleague"]
[Site "Lubniewice POL"]
[Date "2003.09.06"]
[Round "8"]
[White "Worek,J"]
[Black "Kucypera,A"]
[Result "1-0"]
[WhiteElo "2241"]
[BlackElo "2227"]

1.d4 Nf6 2.c4 g6 3.Nc3 Bg7 4.Nf3 d6 5.e4 O-O 6.Be2 e5 7.Be3 Ng4 8.Bg5 f6
9.Bh4 Nc6 10.d5 Ne7 11.Nd2 Nh6 12.f3 c5 13.dxc6 bxc6 14.b4 Be6 15.Nb3 d5
16.Na5 dxc4 17.Bxc4 Bxc4 18.Nxc4 Qc7 19.O-O Rfd8 20.Qb3 Kh8 21.Na4 g5 22.Bf2 Ng6
23.Nc5 Qf7 24.g3 f5 25.Rad1 f4 26.Nd6 Qxb3 27.Nxb3 Bf8 28.Bc5 Bxd6 29.Bxd6 Rd7
30.Na5 Rc8 31.Bc5 Rdc7 32.Rd3 g4 33.Rfd1 gxf3 34.Rxf3 Nf7 35.Rfd3 Ng5 36.Rd8+ Rxd8
37.Rxd8+ Kg7 38.Bd6 Rf7 39.Nxc6 fxg3 40.hxg3 Kh6 41.Bb8 Nxe4 42.Nxe5 Nxe5
43.Bxe5 Rf3 44.Rg8 Ra3 45.g4 Rf3 46.Bb2 Ng5 47.Kg2 Rf4  1-0

[Event "LXXVII ch-ARG"]
[Site "Tres de Febrero ARG"]
[Date "2003.09.06"]
[Round "4"]
[White "Liascovich,L"]
[Black "Aguilar,M"]
[Result "1-0"]
[WhiteElo "2310"]
[BlackElo "2133"]

1.d4 Nf6 2.c4 g6 3.Nc3 Bg7 4.Nf3 d6 5.e4 O-O 6.Be2 e5 7.dxe5 dxe5 8.Qxd8 Rxd8
9.Bg5 Re8 10.O-O-O c6 11.Ne1 Be6 12.Nc2 Nbd7 13.f3 Nb6 14.b3 Nfd7 15.Rd2 a5
16.Rhd1 f6 17.Be3 Bf8 18.Bf2 Bh6 19.Be3 Bf8 20.a3 Nc5 21.Kb2 Kf7 22.Ne1 Be7
23.Nd3 Nbd7 24.Nd5 cxd5 25.cxd5 Bxd5 26.exd5 Nxd3+ 27.Bxd3 Bd6 28.Bb5 Ke7
29.h4 Rec8 30.h5 Nc5 31.Rc2 Nd7 32.Rxc8 Rxc8 33.hxg6 hxg6 34.Rh1 Nf8 35.Bb6 e4
36.fxe4  1-0

[Event "TCh-CRO"]
[Site "Rabac CRO"]
[Date "2003.09.07"]
[Round "1"]
[White "Shariyazdanov,A"]
[Black "Mohr,G"]
[Result "1-0"]
[WhiteElo "2565"]
[BlackElo "2474"]

1.d4 Nf6 2.c4 g6 3.Nc3 Bg7 4.e4 d6 5.Be2 O-O 6.Nf3 e5 7.O-O c6 8.Re1 Na6
9.Bf1 Bg4 10.d5 Nb4 11.Be2 a5 12.Bg5 Qc7 13.Qd2 Na6 14.Rad1 Rad8 15.h3 Bc8
16.Nh2 Rd7 17.g4 Nc5 18.Bf3 Ne8 19.Be3 cxd5 20.Nxd5 Qd8 21.Bg2 b6 22.f4 exf4
23.Bxf4 Nf6 24.Bg5 Ne6 25.Be3 Nc5 26.Bd4 Re8 27.g5 Nxd5 28.Bxg7 Kxg7 29.Qd4+ Kg8
30.Ng4 Nc7 31.Nh6+ Kf8 32.Qh8+ Ke7 33.Nf5+  1-0

[Event "1st League TCh-SCG"]
[Site "Budva SCG"]
[Date "2003.09.08"]
[Round "10"]
[White "Damljanovic,B"]
[Black "Popovic,Du"]
[Result "1/2-1/2"]
[WhiteElo "2589"]
[BlackElo "2438"]

1.c4 Nf6 2.Nc3 g6 3.e4 d6 4.d4 Bg7 5.Nf3 O-O 6.Be2 e5 7.Be3 Ng4 8.Bg5 f6
9.Bc1 exd4 10.Nxd4 f5 11.h3 Nh6 12.exf5 Nxf5 13.Nxf5 Bxf5 14.Be3 Nc6 15.Qd2 Qf6
16.Rd1 Kh8 17.O-O a5 18.Nd5 Qf7 19.Bh6 Bxh6 20.Qxh6 Nb4 21.Nc3 Rae8 22.Qd2 Qg7
23.b3 Bd7 24.Rde1 Bc6 25.Bd1 b6 26.f4 Qf6 27.a3 Na6 28.Rxe8 Rxe8 29.Bc2 Nc5
30.b4 axb4 31.axb4 Ne6 32.Ne2 Ng7 33.Nd4 Be4 34.Re1 Bxc2 35.Rxe8+ Nxe8 36.Nxc2 Ng7
37.Nd4 c5 38.Ne2 Nf5 39.bxc5 bxc5 40.Qd3 h5 41.g4 hxg4 42.hxg4 Nd4 43.Nxd4 cxd4
44.Qe4 d3 45.Qxd3 Qxf4 46.Qxg6 Qg3+ 47.Kf1 Qf3+ 48.Ke1 Qe3+ 49.Kd1 Qd4+ 50.Ke1 Qe3+
51.Kd1 Qd4+ 52.Ke2 Qxc4+ 53.Kf3 Qc3+ 54.Kg2 Qd2+ 55.Kh3 Qe3+ 56.Kh4 Qe7+
57.Kg3 Qe3+ 58.Kh4 Qe7+ 59.Kg3 Qe3+  1/2-1/2

[Event "TCh-CRO"]
[Site "Rabac CRO"]
[Date "2003.09.08"]
[Round "2"]
[White "Horvath,Jo1"]
[Black "Sevo,I"]
[Result "1-0"]
[WhiteElo "2519"]
[BlackElo "2163"]

1.d4 Nf6 2.Nf3 g6 3.c4 Bg7 4.Nc3 O-O 5.e4 d6 6.Be2 e5 7.Be3 Nbd7 8.O-O Re8
9.d5 a5 10.Nd2 h6 11.a3 Nh7 12.Qc2 Rf8 13.b4 f5 14.f3 f4 15.Bf2 Ndf6 16.c5 g5
17.cxd6 cxd6 18.Nb5 g4 19.Qc7 Qe8 20.Nxd6 Qg6 21.fxg4 Nxg4 22.Nxc8 Raxc8
23.Qb6 Bf6 24.Qe6+  1-0

[Event "VII Pablo Gorbea"]
[Site "Madrid ESP"]
[Date "2003.09.09"]
[Round "9"]
[White "Lalic,B"]
[Black "Moreno Carnero,J"]
[Result "1/2-1/2"]
[WhiteElo "2503"]
[BlackElo "2512"]

1.d4 Nf6 2.c4 g6 3.Nc3 Bg7 4.e4 d6 5.Nf3 O-O 6.Be2 e5 7.O-O Na6 8.Re1 Qe8
9.Bg5 exd4 10.Qxd4 Ng4 11.Qd2 Nc5  1/2-1/2

[Event "It"]
[Site "Poitou Charentes FRA"]
[Date "2003.09.09"]
[Round "4"]
[White "Gladyszev,O"]
[Black "Lejarre,L"]
[Result "1-0"]
[WhiteElo "2455"]
[BlackElo "2301"]

1.d4 Nf6 2.c4 g6 3.Nc3 Bg7 4.e4 d6 5.Be2 O-O 6.Nf3 Na6 7.O-O e5 8.Be3 Ng4
9.Bg5 Qe8 10.dxe5 h6 11.Bd2 dxe5 12.h3 Nf6 13.Be3 Nd7 14.Qc1 Kh7 15.c5 c6
16.Bxa6 bxa6 17.Nd2 f5 18.f3 f4 19.Bf2 Qe6 20.Rd1 Rg8 21.Na4 Bf8 22.Qc4 Qf6
23.Qe2 g5 24.Nc4 Qg7 25.Rd2 h5 26.Rad1 Rb8 27.b3 g4 28.fxg4 Nf6 29.Nxe5 hxg4
30.hxg4 Nxg4 31.Rd7 Bxd7 32.Rxd7 Qxd7 33.Nxd7 Rd8 34.Nxf8+ Rdxf8 35.Qf3 Rg6
36.Nb2 Rfg8 37.Nd3  1-0

[Event "14th ch-NATO"]
[Site "Hoevelte DEN"]
[Date "2003.09.10"]
[Round "4"]
[White "Ekeberg,C"]
[Black "Helbig,M"]
[Result "1/2-1/2"]
[WhiteElo "2226"]
[BlackElo "2239"]

1.Nf3 Nf6 2.c4 g6 3.Nc3 Bg7 4.e4 d6 5.d4 O-O 6.Be2 Na6 7.O-O e5 8.Be3 Ng4
9.Bg5 f6 10.Bc1 Qe8 11.h3 Nh6 12.dxe5 fxe5 13.Be3 Nf7 14.Qd2 Nc5 15.Bxc5 dxc5
16.Qd5 c6 17.Qxc5 Bh6 18.Nh2 Ng5 19.Bg4 Bxg4 20.Nxg4 Bg7 21.Qb4 Qf7 22.c5 Rad8
23.Ne2 h5 24.Ne3 Kh7 25.Rac1 Ne6 26.Nc4 Bh6 27.Nd6 Rxd6 28.cxd6 Bxc1 29.Nxc1 Nd4
30.Nd3 b6 31.Nxe5 Ne2+ 32.Kh1 Ng3+ 33.Kg1 Ne2+ 34.Kh1 Ng3+ 35.Kg1 Ne2+  1/2-1/2

[Event "56th ch-RUS"]
[Site "Krasnoyarsk RUS"]
[Date "2003.09.11"]
[Round "8"]
[White "Kiriakov,P"]
[Black "Glek,I"]
[Result "1/2-1/2"]
[WhiteElo "2553"]
[BlackElo "2566"]

1.d4 Nf6 2.c4 g6 3.Nc3 Bg7 4.e4 d6 5.Nf3 O-O 6.Be2 Na6 7.O-O e5 8.Be3 Ng4
9.Bg5 Qe8 10.dxe5 dxe5 11.h3 f6 12.Bd2 Nh6 13.Be3 c6 14.c5 Nc7 15.Nd2 Nf7
16.Nc4 Qe7 17.Nd6 Rd8 18.Qb3 Rb8 19.Nxc8 Rdxc8 20.Rad1 Ne6 21.Bc4 Nf8 22.g3 Rc7
23.Kg2 Kh8 24.Qa3 a6 25.Qa5 Rbc8 26.Na4 Ne6 27.Nb6 Rf8 28.Rfe1 f5 29.Na4 Rcc8
30.Nb6 Rcd8 31.Rxd8 Rxd8 32.exf5 gxf5 33.Qa4 e4 34.Qb3 Nfg5 35.Bxe6 Nxe6
36.Rd1 Rxd1 37.Qxd1  1/2-1/2

[Event "TCh-CRO"]
[Site "Rabac CRO"]
[Date "2003.09.11"]
[Round "5"]
[White "Kozul,Z"]
[Black "Ljubicic,F"]
[Result "1/2-1/2"]
[WhiteElo "2596"]
[BlackElo "2409"]

1.d4 Nf6 2.Nf3 g6 3.c4 Bg7 4.Nc3 O-O 5.e4 d6 6.Be2 e5 7.O-O Na6 8.Re1 Qe8
9.Bf1 Bg4 10.d5 Nb4 11.Be2 a5 12.g3 b6 13.b3 Kh8 14.Rb1 Na6 15.Nd2 Bd7 16.a3 Ng8
17.b4 axb4 18.axb4 f5 19.exf5 gxf5 20.Nf3 Nf6 21.Nh4 Qf7 22.f4 exf4 23.Bxf4 Ng4
24.Nb5 Rfe8 25.h3 Nf6 26.Nc3 Nh5 27.Bxh5 Rxe1+ 28.Qxe1 Qxh5 29.Qd2 Re8 30.Kg2 b5
31.cxb5 Bxb5 32.Nf3 Bc4 33.Be3 Kg8 34.Bd4 Bh6 35.Qc2 Qf7 36.Qa4 Nb8 37.Kf2 Nd7
38.Qc6 Bd3 39.Re1 Be4 40.Qxc7 Qh5 41.Ng1 Qf7 42.Nxe4 fxe4+ 43.Kg2 e3 44.Qxd6 Bf8
45.Qc6 Qf2+ 46.Kh1 Qxe1 47.Qxd7 Re4 48.Qf5 Rxd4 49.Qe6+ Kg7 50.Qe5+ Kf7 51.Qxd4 Qxg3
52.Qe4 Bd6 53.Qxh7+ Kf6 54.Qh8+ Ke7 55.Qb2 Qf2 56.Qg7+ Kd8 57.Qg2 Bxb4 58.Qg8+ Bf8
59.Qg5+ Kc7 60.Qg2 Qf6  1/2-1/2

[Event "14th ch-NATO"]
[Site "Hoevelte DEN"]
[Date "2003.09.12"]
[Round "7"]
[White "Seel,C"]
[Black "Lokasto,A"]
[Result "1-0"]
[WhiteElo "2315"]
[BlackElo "2231"]

1.Nf3 Nf6 2.c4 g6 3.Nc3 d6 4.d4 Nbd7 5.e4 e5 6.Be2 Bg7 7.O-O O-O 8.Be3 a5
9.Qc2 Ng4 10.Bg5 f6 11.Bd2 exd4 12.Nxd4 Nc5 13.Rad1 f5 14.Bxg4 fxg4 15.Be3 Bd7
16.Nb3 Nxb3 17.Qxb3 Be6 18.Nd5 b6 19.Bd4 Bxd4 20.Rxd4 Rf7 21.Qg3 Qg5 22.f4 Qh5
23.f5 Bxd5 24.Rxd5 Raf8 25.f6 Qh6 26.e5 dxe5 27.Qxe5 g5 28.Qxg5+ Qxg5 29.Rxg5+ Kh8
30.Rxg4 Rxf6 31.Rxf6 Rxf6 32.Rd4 Rc6 33.Kf2 Kg7 34.Ke3 Kf6 35.Rf4+ Ke5 36.Rh4 Kf5
37.Rxh7 Rxc4 38.Rf7+ Ke5 39.Rf2 a4 40.Kd3 Rd4+ 41.Kc3 c5 42.Re2+ Kf4 43.Re8 Rb4
44.g3+ Kf3 45.Rf8+ Ke3 46.Re8+ Kf3 47.Re5 Kf2 48.Rg5 Re4 49.h4 Re3+ 50.Kc4 Re4+
51.Kd5 Rd4+ 52.Kc6 Rb4 53.h5 Rxb2 54.h6 Re2 55.Rh5 Re8 56.g4 c4 57.h7 Rh8
58.g5 c3 59.g6 Kg2 60.Kxb6 Kf2 61.Rh2+  1-0

[Event "EYb18"]
[Site "Budva YUG"]
[Date "2003.09.13"]
[Round "1"]
[White "Woodward,T"]
[Black "Zhigalko,A"]
[Result "0-1"]
[WhiteElo "2285"]
[BlackElo "2466"]

1.d4 Nf6 2.c4 g6 3.Nc3 Bg7 4.e4 d6 5.Nf3 O-O 6.Be2 e5 7.O-O Na6 8.Be3 Ng4
9.Bg5 Qe8 10.h3 h6 11.Bc1 exd4 12.Nxd4 Nf6 13.Bf3 Nh7 14.h4 Nc5 15.Re1 Qe5
16.Be3 Ne6 17.Nxe6 fxe6 18.Qd2 Qf6 19.Bxh6 Qxh4 20.Bxg7 Kxg7 21.g3 Ng5 22.Bg2 Nh3+
23.Bxh3 Qxh3 24.Qd3 Rh8 25.Qf3 e5 26.Nd5 Qh2+ 27.Kf1 Bh3+ 28.Ke2 Raf8 29.Rh1 Bg4  0-1

[Event "TCh-CRO"]
[Site "Rabac CRO"]
[Date "2003.09.13"]
[Round "7"]
[White "Feletar,D"]
[Black "Muse,M"]
[Result "1/2-1/2"]
[WhiteElo "2420"]
[BlackElo "2453"]

1.c4 g6 2.e4 Bg7 3.Nf3 d6 4.Nc3 Nf6 5.Be2 O-O 6.d4 e5 7.dxe5 dxe5 8.Qxd8 Rxd8
9.Bg5 Re8 10.Nd5 Nxd5 11.cxd5 c6 12.Bc4 cxd5 13.Bxd5 Nd7 14.Nd2 Nb6 15.Bb3 Be6
16.Bxe6 Rxe6 17.Rc1 Rc8 18.Rxc8+ Nxc8  1/2-1/2

[Event "TCh-CRO"]
[Site "Rabac CRO"]
[Date "2003.09.14"]
[Round "8"]
[White "Kozul,Z"]
[Black "Cebalo,M"]
[Result "1-0"]
[WhiteElo "2596"]
[BlackElo "2510"]

1.d4 Nf6 2.Nf3 g6 3.c4 Bg7 4.Nc3 O-O 5.e4 d6 6.Be2 e5 7.d5 a5 8.Bg5 Na6 9.Nd2 Qe8
10.g4 c6 11.h4 Bd7 12.Be3 cxd5 13.cxd5 b5 14.h5 gxh5 15.gxh5 h6 16.a4 b4
17.Nb5 Qe7 18.b3 Kh8 19.Rc1 Ne8 20.Nc4 f5 21.Nb6 Rb8 22.Nxd7 Qxd7 23.exf5 Qxf5
24.Rg1 Nc5 25.Nxd6 Nxd6 26.Rxc5 Ne4 27.Rc7 Nxf2 28.Qc1 Nd3+ 29.Bxd3 Qxd3
30.Rcxg7 Rbc8 31.Qd2 Qb1+ 32.Ke2 Qf5 33.R7g6 Qxh5+ 34.Ke1 Qh4+ 35.Kd1  1-0

[Event "Saipa Cup"]
[Site "Tehran IRI"]
[Date "2003.09.14"]
[Round "2"]
[White "Agamaliev,G"]
[Black "Ardeshi,M"]
[Result "1-0"]
[WhiteElo "2518"]
[BlackElo "2339"]

1.d4 Nf6 2.Nf3 g6 3.c4 Bg7 4.Nc3 O-O 5.e4 d6 6.Be2 e5 7.d5 a5 8.Bg5 Na6 9.Nd2 Nc5
10.O-O h6 11.Be3 Nfd7 12.b3 f5 13.f3 Nf6 14.a3 Nh5 15.b4 axb4 16.axb4 Rxa1
17.Qxa1 Na6 18.Rb1 Nf4 19.Bf1 g5 20.c5 fxe4 21.fxe4 dxc5 22.bxc5 Nb8 23.c6 Nxc6
24.dxc6 bxc6 25.Rb8 Qf6 26.Qa8 Bd7 27.Bc5 Rxb8 28.Qxb8+ Bf8 29.Nc4 Ng6 30.Be3 Qe7
31.Qxc7 Be8 32.Qxe7 Bxe7 33.g3 h5 34.Na4 Kf7 35.Nab6 g4 36.Nc8 Ke6 37.Nxe7 Nxe7
38.Bd2 Bg6 39.Bd3 Be8 40.Bb4 Ng6 41.Kf2  1-0

[Event "ch-Nordic"]
[Site "Aarhus DEN"]
[Date "2003.09.15"]
[Round "9"]
[White "Palo,D"]
[Black "Olafsson,H1"]
[Result "1-0"]
[WhiteElo "2510"]
[BlackElo "2498"]

1.d4 Nf6 2.c4 g6 3.Nc3 Bg7 4.e4 d6 5.Nf3 O-O 6.Be2 e5 7.O-O Na6 8.Be3 Ng4
9.Bg5 Qe8 10.dxe5 h6 11.Bd2 dxe5 12.a3 c6 13.b4 Qe7 14.c5 Nc7 15.h3 Nf6 16.Be3 Nh5
17.Qc2 Ne6 18.Rfd1 Nhf4 19.Rd6 Ng5 20.Rad1 Be6 21.Kh2 Nxe2 22.Qxe2 Nxf3+
23.Qxf3 f5 24.exf5 gxf5 25.Kh1 Kh7 26.b5 Rac8 27.bxc6 bxc6 28.Qh5 Qe8 29.Qe2 Rb8
30.Qa6 Rb3 31.Rxc6 Bc8 32.Rxh6+ Kg8 33.Qc4+ Qf7 34.Nd5 Rb7 35.c6 Rc7 36.Rd6 f4
37.Bd2 f3 38.g4 Be6 39.Ba5  1-0

[Event "EYb16"]
[Site "Budva YUG"]
[Date "2003.09.15"]
[Round "3"]
[White "Vranes,D"]
[Black "Skoberne,J"]
[Result "0-1"]
[WhiteElo "2042"]
[BlackElo "2089"]

1.e4 g6 2.d4 Bg7 3.c4 d6 4.Nc3 Nf6 5.Nf3 O-O 6.Be2 e5 7.dxe5 dxe5 8.Qxd8 Rxd8
9.Bg5 Re8 10.O-O c6 11.Rfd1 h6 12.Bh4 Nbd7 13.b4 a5 14.a3 Bf8 15.c5 g5 16.Bg3 b6
17.b5 Nxc5 18.Bc4 Nfxe4 19.Nxe4 Nxe4 20.Nxe5 Be6 21.Bxe6 Rxe6 22.Nxc6 Nc3
23.Nd4 Re4 24.f3 Rxd4  0-1

[Event "EYb18"]
[Site "Budva YUG"]
[Date "2003.09.15"]
[Round "3"]
[White "Gerzhoy,L"]
[Black "Pedersen,C"]
[Result "1-0"]
[WhiteElo "2410"]
[BlackElo "2271"]

1.Nf3 Nf6 2.c4 g6 3.Nc3 Bg7 4.e4 d6 5.d4 O-O 6.Be2 e5 7.O-O exd4 8.Nxd4 Re8
9.f3 Nc6 10.Be3 Nh5 11.f4 Nf6 12.Bf3 Bg4 13.Nxc6 Bxf3 14.Qxf3 bxc6 15.Bd2 Rb8
16.b3 Nd7 17.Rae1 Nc5 18.f5 Nd7 19.Kh1 Ne5 20.Qh3 Bf6 21.Re2 h5 22.Nd1 Kg7
23.Bc3 Ng4 24.Nf2 Nxf2+ 25.Rexf2 Bxc3 26.fxg6 fxg6 27.Qxc3+ Re5 28.Rf7+ Kg8
29.Qe3 Re7 30.R7f6 Rg7 31.Qxa7 Ra8 32.Qf2 Qe7 33.Rf4 g5 34.Rf5 Qxe4 35.Rf7 Qg6
36.Rf6 Qe8 37.Qf5 Qd7 38.Qf3 g4 39.Qf4 Qe7 40.Qf5 Qe5 41.Qf2 c5 42.Rf5 Qe8
43.Qd2 c6 44.Qxd6 h4 45.Qf4 h3 46.gxh3 gxh3 47.Rg5 Ra7 48.Rfg1 Qe6 49.Qb8+ Kh7
50.Rh5+  1-0

[Event "GM"]
[Site "Ansfelden AUT"]
[Date "2003.09.16"]
[Round "5"]
[White "Lehner,O"]
[Black "Uhlmann,W"]
[Result "1/2-1/2"]
[WhiteElo "2391"]
[BlackElo "2451"]

1.d4 Nf6 2.c4 g6 3.Nc3 Bg7 4.e4 d6 5.Nf3 O-O 6.Be2 e5 7.Be3 Ng4 8.Bg5 f6
9.Bc1 Nh6 10.dxe5 fxe5 11.Bg5 Qd7 12.Qd2 Nf7 13.Be3 b6 14.h4 h6 15.O-O-O c5
16.h5 g5 17.Nh2 Nc6 18.Bg4 Qb7 19.Bxc8 Raxc8 20.Ng4 Nd4  1/2-1/2

[Event "EYb18"]
[Site "Budva YUG"]
[Date "2003.09.16"]
[Round "4"]
[White "Esen,B"]
[Black "Manescu,T"]
[Result "0-1"]
[WhiteElo "2217"]
[BlackElo "2354"]

1.d4 Nf6 2.c4 g6 3.Nc3 Bg7 4.e4 d6 5.Be2 O-O 6.Nf3 e5 7.O-O c6 8.Re1 Nbd7
9.Bf1 a5 10.d5 Nc5 11.b3 Qc7 12.Rb1 Nh5 13.g3 f5 14.Nd2 Qb6 15.Na4 Qa7 16.Nxc5 Qxc5
17.a3 Nf6 18.h3 fxe4 19.b4 Qa7 20.Bg2 Bf5 21.Rb2 axb4 22.axb4 cxd5 23.cxd5 Qd4
24.g4 Bxg4 25.hxg4 Nxg4 26.Qxg4 Qxf2+ 27.Kh2 Qxe1 28.Rc2 Bh6 29.Rc7 Bf4+
30.Kh3 Rf5 31.Nxe4 Rh5+ 32.Qxh5 gxh5 33.Nf6+ Kf8  0-1

[Event "EYb14"]
[Site "Budva YUG"]
[Date "2003.09.16"]
[Round "4"]
[White "Siebarth,R"]
[Black "Can,E"]
[Result "1/2-1/2"]
[WhiteElo "2117"]
[BlackElo "2198"]

1.d4 Nf6 2.c4 g6 3.Nc3 Bg7 4.e4 d6 5.Nf3 O-O 6.Be2 e5 7.O-O exd4 8.Nxd4 Re8
9.f3 Nc6 10.Be3 Nh5 11.Ncb5 f5 12.Qb3 f4 13.Bf2 Qg5 14.Rfd1 Nxd4 15.Nxd4 Kh8
16.Nb5 Qe7 17.Rac1 a6 18.Nc3 c6 19.Qa3 Be5 20.Bd4 Be6 21.Bxe5+ dxe5 22.Qxe7 Rxe7
23.Rd6 Nf6 24.Rcd1 Kg7 25.b4 a5 26.b5 cxb5 27.Nxb5 Rc8 28.Na3 Kf7 29.Rb6 Rc6
30.Rb5 b6 31.Rxe5 Rd7 32.Kf2 Rxd1 33.Bxd1 Nd7 34.Rb5 Kf6 35.Be2 Ne5 36.g3 g5
37.h4 h6 38.hxg5+ hxg5 39.gxf4  1/2-1/2

[Event "EYb16"]
[Site "Budva YUG"]
[Date "2003.09.19"]
[Round "6"]
[White "Nazarov,V"]
[Black "Mikkelsen,N"]
[Result "0-1"]
[WhiteElo "2179"]
[BlackElo "2104"]

1.Nf3 g6 2.d4 Nf6 3.c4 Bg7 4.Nc3 O-O 5.e4 d6 6.Be2 e5 7.dxe5 dxe5 8.Qxd8 Rxd8
9.Bg5 Re8 10.Nd5 Nxd5 11.cxd5 c6 12.Rd1 Nd7 13.dxc6 bxc6 14.Rc1 Bb7 15.O-O Bf8
16.Rfd1 Nc5 17.Nd2 Ne6 18.Be3 c5 19.Bc4 Nd4 20.f3 Bc8 21.Kf2 Kg7 22.Nb3 Rb8
23.Rd2 Bd7 24.Bd5 Rec8 25.Na5 Bd6 26.b3 Rb5 27.Nc4 Bb8 28.Rdd1 a5 29.Bd2 Bc6
30.Nxa5 Bxd5 31.exd5 Bc7 32.Nc4 Rd8 33.Na3 Rb7 34.Rxc5 Bb6 35.Bb4 Ne6 36.dxe6 Rxd1
37.Ke2 Bxc5 38.Bxc5 Rd5 39.e7 Rb8 40.b4 Kf6 41.Nc4 Rxc5 42.bxc5 Kxe7 43.c6 Rc8
44.Nxe5 f6 45.Nd3 Rxc6 46.Nb4 Rc5 47.Kd3 Kd6 48.Kd4 Rh5 49.h3 Rg5 50.g4 Ra5
51.Nd3 Rxa2 52.Ke4 Rh2 53.Nf4 g5 54.Nh5 Ke6  0-1

[Event "GM"]
[Site "Ansfelden AUT"]
[Date "2003.09.20"]
[Round "9"]
[White "Lehner,O"]
[Black "Stanec,N"]
[Result "1/2-1/2"]
[WhiteElo "2391"]
[BlackElo "2560"]

1.Nf3 Nf6 2.d4 d6 3.c4 g6 4.Nc3 Bg7 5.e4 O-O 6.Be2 Nbd7 7.O-O e5 8.Re1 exd4
9.Nxd4 Re8 10.f3 a5 11.Be3 Nc5 12.Ndb5 Bd7 13.Qd2 Qb8 14.Rad1 Bc6 15.Bf1 Nfd7  1/2-1/2

[Event "3rd ch-Euro Senior"]
[Site "Saint Vincent ITA"]
[Date "2003.09.20"]
[Round "4"]
[White "Krasevec,V"]
[Black "Lentze,I"]
[Result "1/2-1/2"]
[WhiteElo "2026"]
[BlackElo "2201"]

1.d4 Nf6 2.c4 g6 3.Nf3 Bg7 4.Nc3 O-O 5.e4 d6 6.Be2 e5 7.d5 a5 8.O-O Na6 9.h3 Nc5
10.Qc2 Nh5 11.Re1 Nf4 12.Bf1 f5 13.Bxf4 exf4 14.e5 dxe5 15.Nxe5 Ne4 16.Nf3 Qd6
17.Bd3 Nxc3 18.bxc3 Bd7 19.Re2 Rae8 20.Rae1 Rxe2 21.Rxe2 Re8 22.Rxe8+ Bxe8
23.Qe2 Bd7 24.Nd4 Kf7 25.Qf3 Be5 26.Qe2 Qf6 27.Qb2 b6 28.Be2 Kg7 29.Qd2 Qd6
30.Nb5 Qc5 31.Nd4 Qd6 32.Nb5 Qf6 33.Nd4 Bd6 34.Nb5 Be5 35.Nd4 Kf7 36.Kf1 Qd6
37.Nb5 Qc5 38.Nd4 Qe7 39.Kg1 Bd6 40.Kf1 Qf6 41.Kg1 Be5 42.Kf1 Qd6 43.Nb5 Qc5
44.Nd4 Qd6 45.Nb5 Qc5 46.Nd4  1/2-1/2

[Event "Osen I"]
[Site "Alushta UKR"]
[Date "2003.09.21"]
[Round "8"]
[White "Shtyrenkov,V"]
[Black "Khudyakov,A"]
[Result "1-0"]
[WhiteElo "2514"]
[BlackElo "2365"]

1.d4 Nf6 2.Nf3 g6 3.c4 Bg7 4.Nc3 O-O 5.e4 d6 6.Be2 e5 7.O-O exd4 8.Nxd4 Re8
9.f3 Nh5 10.g4 Nf6 11.g5 Nfd7 12.Be3 Nc6 13.f4 Nc5 14.Nxc6 bxc6 15.Bxc5 dxc5
16.Qxd8 Rxd8 17.e5 Rd2 18.b3 Bf5 19.Bf3 Rad8 20.Rad1 Bh3 21.Rxd2 Rxd2 22.Rd1 Rxd1+
23.Nxd1 h6 24.Nf2 Bf5 25.h4 hxg5 26.hxg5 Bb1 27.a3 Bc2 28.Bd1 Bf5 29.Kf1 Kf8
30.Ke1 Ke7 31.Kd2 Bf8 32.Bg4 Ke6 33.Bxf5+ Kxf5 34.Ke3 Be7 35.Kf3 Bf8 36.Ng4 Ke6
37.Ke4 Be7 38.Nh6 Bd8 39.Ng8 Kd7 40.Kf3 Ke8 41.Nf6+ Ke7 42.Ne4 Ke8 43.Kg4 Be7
44.f5 Bf8 45.Nf6+ Kd8 46.Nh7 Bg7 47.f6 Bh8 48.e6 Ke8 49.e7 Kd7 50.Kf4 Ke8
51.Nf8 a5 52.Ke5 a4 53.bxa4 Bxf6+ 54.gxf6  1-0

[Event "zt 2.5"]
[Site "Asuncion PAR"]
[Date "2003.09.22"]
[Round "8"]
[White "Flores,Di"]
[Black "Mahia,G"]
[Result "1-0"]
[WhiteElo "2439"]
[BlackElo "2377"]

1.Nf3 Nf6 2.c4 g6 3.Nc3 Bg7 4.d4 O-O 5.e4 d6 6.Be2 e5 7.d5 a5 8.Bg5 h6 9.Bh4 Na6
10.O-O Qe8 11.Nd2 Nh7 12.a3 Bd7 13.b3 h5 14.f3 f5 15.Rb1 g5 16.Bf2 f4 17.b4 axb4
18.axb4 Qg6 19.c5 g4 20.c6 g3 21.Be1 bxc6 22.dxc6 Be6 23.Bc4 Rfb8 24.Bxe6+ Qxe6
25.Nd5 Qf7 26.b5 Nc5 27.Nc4 Nf6 28.b6 Nxd5 29.Qxd5 Qxd5 30.exd5 cxb6 31.Nxd6 Bf8
32.Nb5 Rd8 33.Rd1 e4 34.Bc3 e3 35.Rfe1 Ra2 36.d6 Rc2 37.Bf6 Ra8 38.Nd4 Rf2
39.d7 Nd3 40.Re2 Bc5 41.c7 Kf7 42.d8=Q  1-0

[Event "EYb16"]
[Site "Budva YUG"]
[Date "2003.09.22"]
[Round "9"]
[White "Glicenstein,A"]
[Black "Lappage,J"]
[Result "1/2-1/2"]
[WhiteElo "2309"]
[BlackElo "2208"]

1.Nf3 Nf6 2.c4 g6 3.Nc3 Bg7 4.e4 d6 5.d4 O-O 6.Be2 e5 7.Be3 exd4 8.Nxd4 Re8
9.f3 Nc6 10.Qd2 Nh5 11.Nxc6 bxc6 12.g4 Nf6 13.Bg5 Be6 14.Rd1 Qb8 15.O-O Qb4
16.Rc1 Nd7 17.b3 f5 18.exf5 gxf5 19.h3 Bf7 20.Bd3 fxg4 21.fxg4 Ne5 22.Bf5 d5
23.Bh6 Bh8 24.h4 Qc5+ 25.Kh1 dxc4 26.Qg5+ Bg6 27.Ne4 Qe7 28.Bxg6 Nxg6 29.Qxe7 Rxe7
30.Rxc4 Rae8 31.Ng3 Re1 32.Rxc6 Rxf1+ 33.Nxf1 Re1 34.Kg2 Re2+ 35.Kf3 Rxa2
36.Rxc7 Nxh4+ 37.Ke4 Ng6 38.Ne3 Be5 39.Rb7 Rh2 40.Nf5 a5 41.Be3 Rb2 42.Bc5 a4
43.Nh6+ Kh8 44.Nf7+ Kg8 45.Nxe5 Re2+ 46.Kd4 Nxe5 47.bxa4 Nxg4 48.Rb3 Nf6
49.Re3 Rxe3 50.Kxe3 Kf7 51.a5 Ke6 52.a6 Nd5+  1/2-1/2

[Event "EYg16"]
[Site "Budva YUG"]
[Date "2003.09.22"]
[Round "9"]
[White "Cherenkova,K"]
[Black "Czarnota,D"]
[Result "0-1"]
[WhiteElo "2173"]
[BlackElo "2216"]

1.d4 Nf6 2.c4 g6 3.Nc3 Bg7 4.e4 d6 5.Be2 Nbd7 6.Nf3 O-O 7.O-O e5 8.Re1 exd4
9.Nxd4 Re8 10.Bf1 Nc5 11.f3 a5 12.Be3 Bd7 13.Qd2 Nh5 14.Nd5 c6 15.Nc3 a4
16.Rab1 Qa5 17.Nde2 Be6 18.Nd4 Rad8 19.b4 axb3 20.axb3 Qb4 21.g4 d5 22.cxd5 Nf4
23.Nce2 Qxd2 24.Bxd2 Nxe2+ 25.Nxe2 cxd5 26.Ba5 Ra8 27.Bb6 Nd7 28.Bd4 dxe4
29.Bxg7 Kxg7 30.fxe4 Bxg4 31.Ng3 Ne5 32.Rec1 Ra2 33.Bg2 Rd8 34.Ra1 Rb2 35.Rab1 Ra2
36.Ra1 Rxg2+ 37.Kxg2 Rd2+ 38.Kf1 Nd3 39.Rc3 Rf2+ 40.Kg1 Rd2 41.b4 h5 42.Raa3 Rd1+
43.Nf1 Be2 44.h4 Bxf1 45.Kh2 Ne5 46.Ra7 b5 47.Rb7 Bc4 48.Re7  0-1